Stati senza forze armate - Statistics

Statistiche generali
  • Questo quiz è stato fatto 39 volte
  • Il punteggio medio è 10 su 15
Statistiche sulle risposte
Commenti Continente Stato % Corretto
La Guardia svizzera pontificia è una forza militare per la protezione personale del Papa, impiegata anche a scopi cerimoniali, e inoltre controlla i confini con l'Italia; ai membri del corpo viene peraltro impartito addestramento militare all'uso di armi leggere (pistola e fucile mitragliatore) oltre che di tecniche di combattimento a mani nude. La Gendarmeria svolge compiti di polizia e sorveglianza all'interno dello Stato e nelle aree extraterritoriali. La Guardia palatina e la Guardia nobile sono state abolite nel 1970 da papa Paolo VI. In seguito ai Patti Lateranensi la sua difesa da attacchi esterni è affidata all'Italia Europa Città del Vaticano
94%
La difesa del Paese è affidata alla Francia e alla Spagna. Trattati in merito con entrambi gli Stati esistono dal 1993 Europa Andorra
91%
Abolite le forze armate nel 1868 perché ritenute troppo costose. L'esercito veniva formato solo in tempi di guerra. Da allora la difesa è affidata alla Svizzera Europa Liechtenstein
88%
Con un accordo informale, la difesa è affidata all'Australia Oceania Nauru
84%
La difesa è affidata agli Stati Uniti d'America Oceania Isole Marshall
81%
Con le Filippine (costituzione del 1987), sono l'unica nazione con una costituzione (adottata nel 1979) espressamente anti-nucleare. La difesa è affidata agli Stati Uniti d'America Oceania Palau
72%
La difesa è affidata alla Nuova Zelanda Oceania Samoa
69%
Non dispone di nessun esercito, ma le forze di polizia includono un'unità di sorveglianza marittima Oceania Tuvalu
69%
Le sole istituzioni armate ammesse sono la polizia civile e la guardia costiera Oceania Kiribati
66%
Devastate da intensi conflitti etnici dal 1998 al 2006, fino a quando l'Australia e altri Paesi del Pacifico sono intervenuti per riportare la pace. Nessun esercito Oceania Isole Salomone
63%
Nessuna forza armata a partire dal 1983, dopo l'invasione da parte degli Stati Uniti d'America. La difesa è delegata al Sistema di sicurezza regionale America del Nord Grenada
53%
La difesa è affidata agli Stati Uniti d'America Oceania Micronesia
53%
Dispone di un'unità di forze speciali. La difesa è delegata al Sistema di sicurezza regionale America del Nord Saint Vincent e Grenadine
53%
Dispone di un'unità di forze speciali. La difesa è delegata al Sistema di sicurezza regionale America del Nord Saint Lucia
50%
Nessuna forza armata a partire dal 1981, dopo che l'esercito tentò un colpo di Stato. La difesa è delegata al Sistema di sicurezza regionale America del Nord Dominica
47%
Nessun quiz corrispondente trovato
Distribuzione punteggi
Percentuale di utenti per punteggio
Percentile per numero di risposta
I tuoi punteggi nel tempo
Non hai fatto questo quiz